00217nam a2200085Ia 4500008004100000100003200041245002300073260002600096300000900122190216s9999||||xx |||||||||||||| ||und|| a"Eastern Book Pub, Author" 0aCompanies Act 1956 bEastern Book Coc1974 a464p